| 000 | 01168nam a22002177a 4500 | ||
|---|---|---|---|
| 999 |
_c58383 _d58383 |
||
| 005 | 20240124173628.0 | ||
| 008 | 211228s2021 ge ||||| |||| 00| 0 eng d | ||
| 041 | _aeng | ||
| 080 | _a82 U-91 | ||
| 100 |
_aUsta, Oznur Tuzcu _913361 |
||
| 245 |
_aModern tendencies in the development of Proverbs - Intertextual Jokes : _b(based on Comparative Analysis of Anglo - American and Turkish Anti - Proverbs). დისერტაცია / _cUsta Tuzcu Oznur ; Supervizor Tea Shavladze. |
||
| 264 |
_aBatumi, _c2021. |
||
| 300 |
_a215 p. _b30 cm. |
||
| 522 | _abibliogr. p. 158-175 | ||
| 653 | _aანდაზების განვითარების თანამედროვე ტენდენციები - ინტერტექსტუალური ხუმრობები | ||
| 653 | _aСовременные тенденции в развитии пословиц - Интертекстуальных анекдотов | ||
| 653 | _aდისერტაცია | ||
| 653 | _aДиссертация | ||
| 700 |
_aShavladze, Tea _eსამეცნიერო ხელმძღვანელი _913362 |
||
| 942 |
_2udc _cDS |
||